Graphic arts Japan

Tallennettuna:
Bibliografiset tiedot
Aineistotyyppi: Kirja
Kieli:Undetermined
Julkaistu: Tokyo 1978
Aiheet:
Tagit: Lisää tagi
Ei tageja, Lisää ensimmäinen tagi!
Thư viện lưu trữ: Trung tâm Học liệu Trường Đại học Cần Thơ
LEADER 00409nam a2200157Ia 4500
001 CTU_98971
008 210402s9999 xx 000 0 und d
082 |a 686.22 
082 |b G766/Vol.19 
245 0 |a Graphic arts Japan 
260 |a Tokyo 
260 |c 1978 
650 |a Printing industry,Graphic arts 
650 |z Japan,japan 
904 |i Truc 
980 |a Trung tâm Học liệu Trường Đại học Cần Thơ